000 00536nam a2200181 i 4500
001 97126
003 ES-MaACL
005 20250823104043.0
007 t|
008 050707s1968 sp ||||1| spa d
100 1 _aManzarraga, Tomás de.
_976232
245 1 3 _aLa música sagrada a la luz de los documentos pontificios /
_cpor Tomás de Manzarraga.
260 _aMadrid :
_bCoculsa,
_c1968.
300 _a190 p. ;
_c24 cm.
650 7 _aMúsica sagrada
_2
_9143239
852 _aES-MaACL
_jC-46669
_bR.65435
999 _c97126
_d97126